000 00882nas a2200253 4500
001 BR2012009907
003 BR-BrBNA
005 20231205121727.0
007 ta
008 230509b bl.|||p| |||| 00| 00por d
040 _aBR-BrBNA
_bpor
_cBiblioteca Nacional de Agricultura
041 _a(Pt)
100 1 _aMendes, A.C.
100 1 _aTruckenbrodt, W.
245 1 _aProveniência de arenitos albianos (Grupo Itapecuru), borda leste da bacia de São Luís-Grajaú, Maranhão, usando análise de minerais pesados e química mineral
650 _aMINERAL
650 _aAMOSTRA
650 _aROCHA
650 _aANÁLISE QUÍMICA
650 _aMARANHÃO
773 0 _tBoletim do Museu Paraense Emílio Goeldi. Ciências Naturais (Brazil)
_xISSN 1981-8114
_g(Jan-Apr 2009), v. 4(1) p. 57-74
_wBR2012009907
909 _a202311
_bLúcia
_c55
_dLúcia Elande
942 _2AGRIS
_n0
_cANA
999 _c224937
_d224937